000 01467nam a2200277 i 4500
001 156238
003 ES-MaACL
005 20250824063048.0
008 940202s1855 sp a |||| | spa d
040 _aAS
_bspa
080 _a946.022"14"
100 1 _aJaner, Florencio,
_d1831-1877
_966005
245 1 0 _aExámen de los sucesos y circunstancias que motivaron el Compromiso de Caspe y juicio crítico de este acontecimiento y de sus consecuencias en Aragón y en Castilla /
_csu autor Florencio Janer.
260 _aMadrid :
_b[Real Academia de la Historia],
_c1855 (
_fImprenta de la Real Academia de la Historia por los Señores Matute y Compagni)
300 _a189 p., [2] h. de lám. ;
_c28 cm.
500 _aObra laureada con el accesit, único premio adjudicado sobre este asunto por la Real Academia de la Historia en el concurso de 1855.
599 _aLa h. de lam. es lit. de los sellos reales estados en Aragon durante el reinado de D. Martín el Humano.
599 _aLa h. pleg. es lit. de la firma de varios personajes de la h. del Compromiso de Caspe.
630 0 4 _aCompromiso de Caspe, 1412.
_9140292
650 4 _aAragón (Reino)-
_xHistoria-
_y1410-1414.
_9135592
710 2 _aReal Academia de la Historia (España)
_96309
740 0 _aCompromiso de Caspe.
852 _aES-MaACL
_jF-2085(1)
_z-- Enc. pasta española
852 _aES-MaACL
_jT-1457-F-1
_z-- Enc. hol., conservando la enc. editorial
999 _c156238
_d156238